[Event "Gelsenkirchen Koenigsspringer op"]
[Site "Gelsenkirchen"]
[Date "2019.12.28"]
[Round "3"]
[White "Schocke, Mark"]
[Black "Raabe, Stefan"]
[Result "0-1"]
[WhiteElo "1749"]
[BlackElo "1948"]
[PlyCount "98"]
[EventDate "2019.12.27"]
[EventType "swiss"]
[EventRounds "7"]
[EventCountry "GER"]
[SourceTitle "CBM 194 Extra"]
[Source "ChessBase"]
[SourceDate "2020.03.31"]
[SourceVersion "1"]
[SourceVersionDate "2020.03.31"]
[SourceQuality "1"]

1. c4 e5 2. Nc3 Nf6 3. Nf3 Nc6 4. d4 exd4 5. Nxd4 Ne5 6. e3 Bb4 7. Bd2 0-0 8. a3 Bxc3 9. Bxc3 Ne4 10. Qc2 Nf6 11. Be2 d6 12. Rd1 Qe7 13. 0-0 Bd7 14. Rfe1 g6 15. e4 c5 16. Nb5 Ne8 17. Bd2 f5 18. f4 Nc6 19. exf5 Bxf5 20. Bd3 Qf7 21. Bxf5 Qxf5 22. Qxf5 Rxf5 23. Rxe8+ Rxe8 24. Nxd6 Rd8 25. Nxf5 gxf5 26. Kf2 Na5 27. Ke2 Nxc4 28. Bc3 Rxd1 29. Kxd1 Ne3+ 30. Ke2 Nxg2 31. Be5 a6 32. Kd3 b5 33. Bd6 c4+ 34. Kc3 Kf7 35. Kd4 Ke6 36. Kc5 Ne1 37. Be5 Nd3+ 38. Kd4 Nxb2 39. h4 Nd3 40. Bb8 h5 41. a4 Ne1 42. axb5 axb5 43. Bc7 Nf3+ 44. Ke3 Nxh4 45. Ba5 Kd5 46. Bb4 Ng6 47. Bc3 h4 48. Bb4 h3 49. Kf3 Nxf4 0-1

[Event "Gelsenkirchen Silvester op 6th"]
[Site "Gelsenkirchen"]
[Date "2018.12.27"]
[Round "1"]
[White "Schocke, Mark"]
[Black "Plomann, Michael"]
[Result "1-0"]
[WhiteElo "1864"]
[BlackElo "1556"]
[PlyCount "43"]
[EventDate "2018.12.27"]
[EventType "swiss"]
[EventRounds "7"]
[EventCountry "GER"]
[SourceTitle "CBM 188 Extra"]
[Source "ChessBase"]
[SourceDate "2019.02.26"]
[SourceVersion "1"]
[SourceVersionDate "2019.02.26"]
[SourceQuality "1"]

1. e4 c5 2. Nc3 d6 3. f4 Nf6 4. Nf3 e6 5. Bb5+ Nbd7 6. 0-0 a6 7. Bxd7+ Qxd7 8. d4 cxd4 9. Nxd4 Be7 10. Be3 0-0 11. e5 dxe5 12. fxe5 Nd5 13. Qe1 Nxe3 14. Qxe3 Bc5 15. Rad1 Rd8 16. Nce2 Qa4 17. Qf4 Rd7 18. Kh1 Qxa2 19. Nb3 Rxd1 20. Qxf7+ Kh8 21. Qe8+ Bf8 22. Qxf8# 1-0

[Event "Herne UFO op 9th"]
[Site "Herne"]
[Date "2018.06.01"]
[Round "4"]
[White "Hoppe, Udo"]
[Black "Schocke, Mark"]
[Result "1/2-1/2"]
[WhiteElo "2062"]
[BlackElo "1933"]
[PlyCount "36"]
[EventDate "2018.05.30"]
[EventType "swiss"]
[EventRounds "7"]
[EventCountry "GER"]
[SourceTitle "CBM 184 Extra"]
[Source "ChessBase"]
[SourceDate "2018.06.28"]
[SourceVersion "1"]
[SourceVersionDate "2018.06.28"]
[SourceQuality "1"]

1. d4 d5 2. Nf3 Nf6 3. e3 e6 4. Bd3 b6 5. b3 Bb7 6. Bb2 Bd6 7. 0-0 0-0 8. Nbd2 Ne4 9. c4 Nxd2 10. Qxd2 dxc4 11. bxc4 Bxf3 12. gxf3 Qg5+ 13. Kh1 Qh5 14. f4 Qf3+ 15. Kg1 Qg4+ 16. Kh1 Qf3+ 17. Kg1 Qg4+ 18. Kh1 Qf3+ 1/2-1/2